Plans to safeguard social housing (Record no. 81932)

MARC details
000 -LEADER
fixed length control field 00938cad a22002055a 4500
001 - CONTROL NUMBER
control field E148676
008 - FIXED-LENGTH DATA ELEMENTS--GENERAL INFORMATION
fixed length control field 091019e20091018xxk s000 0 eng d
035 ## - SYSTEM CONTROL NUMBER
System control number (Sirsi) u148676
041 0# - LANGUAGE CODE
Language code of text/sound track or separate title eng
110 2# - MAIN ENTRY--CORPORATE NAME
Corporate name or jurisdiction name as entry element Scotland
Subordinate unit Scottish Government
9 (RLIN) 5344
245 00 - TITLE STATEMENT
Title Plans to safeguard social housing
Medium [electronic resource]
260 ## - PUBLICATION, DISTRIBUTION, ETC.
Date of publication, distribution, etc. 2009
490 ## - SERIES STATEMENT
Series statement Scottish Government News Release
Volume/sequential designation 18 October 2009
520 ## - SUMMARY, ETC.
Summary, etc. Announces plans by the Scottish Government to abolish Right to Buy for new tenants in the social rented sector. It is hoped that over the next 10 years the move will retain 18 000 houses in the social rented sector which would otherwise have been sold.
590 ## - LOCAL NOTE (RLIN)
Local note KA
651 #4 - SUBJECT ADDED ENTRY--GEOGRAPHIC NAME
Geographic name Scotland
Chronological subdivision 1999-
690 ## - LOCAL SUBJECT ADDED ENTRY--TOPICAL TERM (OCLC, RLIN)
Topical term or geographic name as entry element PROPERTY-RESIDENTIAL PROPERTY-DOMESTIC RESIDENTIAL PROPERTY-HOUSING
856 40 - ELECTRONIC LOCATION AND ACCESS
Uniform Resource Identifier <a href="https://www.scotland.gov.uk/News/Releases/2009/10/19095248">https://www.scotland.gov.uk/News/Releases/2009/10/19095248</a>
Public note View the news release at www.scotland.gov.uk...
942 ## - ADDED ENTRY ELEMENTS (KOHA)
Suppress in OPAC 0
Holdings
Withdrawn status Lost status Source of classification or shelving scheme Damaged status Not for loan Home library Current library Shelving location Date acquired Total Checkouts Full call number Barcode Date last seen Copy number Price effective from Koha item type
    Dewey Decimal Classification     Virtual Virtual Online 19/10/2009   ONLINE PUBLICATION 148676-2001 06/08/2019 1 06/08/2019 Journal article